000 00421nam a22001457a 4500
082 _a620.103
_bRLA
_cL-5, P-11
100 _aWilliam f. riley
_940621
245 _aEngineerin mechanics statics
_cF. riley, william
260 _aNew York
_bJhon wiley & sons, inc
300 _axix, 600p.
_bill.
526 _a0
_b0
_c0
_d620_103000000000000_RLA
650 _aMCE
_9379
700 _aLeroy D. sturges
_940622
942 _2ddc
_cBK
999 _c544878
_d544878